| 000 | 00453nam a2200133 a 4500 | ||
|---|---|---|---|
| 008 | 120416s1971 xx |||||||||||||| || u | ||
| 050 | _aNA 735.L55 Ban | ||
| 100 | _aBanham, Reyner | ||
| 245 | 1 | 0 | _aLos Angeles |
| 246 | _athe architecture of four ecologies | ||
| 260 | _c1971 | ||
| 350 | _a0.00 | ||
| 995 |
_D0.00 _FCBU-MAIN LIBRARY (Kitwe) _H1 _I0.00 _UAVAILABLE _ZMain Library Open Access Collection |
||
| 999 |
_c49532 _d49532 |
||